000 00427nam a2200181Ia 4500
005 20250423100201.0
008 250422s9999 xx 000 0 und d
020 _a706975103
050 _aTJ 1185 .R36/
100 _aRanganath, B.J.
245 0 _aMetal cutting and tool design
260 _aNew Delhi
260 _bVikas Publishing House
260 _c1999
300 _a266 p
650 _aEngineering
942 _cBK
999 _c32532
_d32532